000
00337nam a2200133Ia 4500
008
220204s9999 xx 000 0 und d
082
_a
543.544:54-14
_b
SNY
100
_a
Kirkland, JJ
245
0
_a
Introduction to modern liquid chromatography
250
_a
2
260
_a
New York
_b
Wiley
_c
1979
700
_a
Snyder, L R
942
_c
BK
999
_c
36304
_d
36304